Nemességi könyv

Elmentve itt :
Bibliográfiai részletek
Szerző: Ölyvedi Vad Imre
Dokumentumtípus: Könyv
Megjelent: 1907
Kulcsszavak:Nemesség - magyar
Tárgyszavak:
Online Access:http://misc.bibl.u-szeged.hu/57803
LEADER 00673nam a2200205 i 4500
001 misc57803
005 20210518201704.0
008 210518s1907 hu o 0|| hun d
040 |a SZTE Miscellanea Repozitórium  |b hun 
041 |a hun 
100 2 |a Ölyvedi Vad Imre 
245 1 0 |a Nemességi könyv  |h [elektronikus dokumentum] /  |c  Ölyvedi Vad Imre 
260 |c 1907 
300 |a 320 p.  |c 23 cm 
650 4 |a Bölcsészettudományok 
650 4 |a Történettudomány és régészet 
650 4 |a Történettudomány 
650 4 |a Társadalom és gazdaságtörténet 
695 |a Nemesség - magyar 
856 4 0 |u http://misc.bibl.u-szeged.hu/57803/1/xb_109725.pdf  |z Dokumentum-elérés